[Event "Kesan op"]
[Site "Kesan"]
[Date "2023.08.05"]
[Round "8"]
[White "Mirzayev, Emil"]
[Black "Karayayla, Doruk"]
[Result "1-0"]
[WhiteElo "1502"]
[BlackElo "1263"]
[PlyCount "120"]
[EventDate "2023.08.01"]
[EventType "swiss"]
[EventRounds "9"]
[EventCountry "TUR"]
[SourceTitle "CBM 215 Extra"]
[Source "ChessBase"]
[SourceDate "2023.09.30"]
[SourceVersion "1"]
[SourceVersionDate "2023.09.30"]
[SourceQuality "1"]

1. e4 d5 2. exd5 Qxd5 3. d4 Nf6 4. Nf3 Bg4 5. Be2 c6 6. c4 Qd8 7. Nc3 e6 8. a3 Be7 9. 0-0 0-0 10. h3 Bh5 11. Be3 Nbd7 12. d5 exd5 13. cxd5 Bxf3 14. Bxf3 Ne5 15. dxc6 Qxd1 16. Bxd1 bxc6 17. Be2 a5 18. f4 Ned7 19. Rad1 Rab8 20. Rd2 Rfe8 21. Bf2 Nc5 22. Bf3 Nb3 23. Re2 Bd6 24. Bxc6 Rxe2 25. Nxe2 Nd2 26. Rd1 Rxb2 27. Bd4 Rb1 28. Rxb1 Nxb1 29. a4 Nh5 30. g3 g6 31. Kg2 Nd2 32. Bc3 Bb4 33. Bxb4 axb4 34. a5 Nc4 35. a6 Ng7 36. a7 Nb6 37. Nd4 Kf8 38. a8Q+ Nxa8 39. Bxa8 Ke7 40. Nc6+ Kd6 41. Nxb4 h6 42. Be4 g5 43. f5 Ke5 44. Kf3 Ne8 45. Nc6+ Kd6 46. Ke3 Nf6 47. Kd4 Nh5 48. Ne5 Ke7 49. Ng4 Nxg3 50. Nxh6 Nh5 51. Ke3 f6 52. Kf3 Kd6 53. Kg4 Nf4 54. Nf7+ Ke7 55. Nxg5 fxg5 56. h4 Ne2 57. hxg5 Nd4 58. Kh5 Kf7 59. Kh6 Kg8 60. g6 Nxf5+ 1-0

[Event "EU-ch Hybrid U12"]
[Site "Tornelo INT"]
[Date "2021.10.15"]
[Round "8"]
[White "Gogolashvili, Giorgi"]
[Black "Mirzayev, Emil"]
[Result "1-0"]
[WhiteElo "1548"]
[BlackElo "1223"]
[PlyCount "129"]
[EventDate "2021.10.15"]
[EventType "swiss"]
[EventRounds "9"]
[EventCountry "NET"]
[SourceTitle "EXT 2023"]
[Source "ChessBase"]
[SourceDate "2022.10.05"]
[SourceVersion "1"]
[SourceVersionDate "2022.10.05"]
[SourceQuality "1"]
[WhiteTeam "Georgia"]
[BlackTeam "Azerbaijan"]
[WhiteTeamCountry "GEO"]
[BlackTeamCountry "AZE"]

1. e4 e5 2. Nf3 Nc6 3. Bc4 Bc5 4. c3 Nf6 5. d4 exd4 6. cxd4 Bb4+ 7. Bd2 Bxd2+ 8. Nbxd2 d5 9. exd5 Nxd5 10. 0-0 0-0 11. Qc2 Bg4 12. h3 Bh5 13. Rad1 Nb6 14. d5 Nb4 15. Qb3 N4xd5 16. Ne4 c6 17. Bxd5 cxd5 18. Nc5 Qe7 19. Qe3 Qxe3 20. fxe3 Rab8 21. g4 Bg6 22. b3 Rfc8 23. Rc1 Rc7 24. b4 Nc4 25. Kf2 Re8 26. Rfe1 b6 27. Nb3 Rce7 28. Rc3 f5 29. g5 Bh5 30. Nbd4 Bxf3 31. Nxf3 Nd6 32. Rd3 Ne4+ 33. Kg2 Nd6 34. Kf2 Nc4 35. h4 Ne5 36. Nxe5 Rxe5 37. Rc1 R8e7 38. Rc6 Rd7 39. Rc8+ Kf7 40. h5 h6 41. gxh6 gxh6 42. Rdc3 Kf6 43. Rg8 f4 44. Rg6+ Kf7 45. Rxh6 fxe3+ 46. Rxe3 Rf5+ 47. Rf3 Rxf3+ 48. Kxf3 Kg7 49. Rg6+ Kh7 50. Rg3 Kh6 51. Rh3 Re7 52. a3 d4 53. Kf4 a5 54. Rd3 axb4 55. axb4 Kxh5 56. Rxd4 Kg6 57. Rd6+ Kf7 58. Rxb6 Ke8 59. Rb8+ Kd7 60. Rb7+ Kd6 61. Rxe7 Kxe7 62. Ke5 Kd7 63. Kd5 Kc7 64. Kc5 Kb7 65. Kb5 1-0

[Event "EU-ch Hybrid U12"]
[Site "Tornelo INT"]
[Date "2021.10.15"]
[Round "5"]
[White "Mirzayev, Emil"]
[Black "Mehtizada, Murad"]
[Result "0-1"]
[WhiteElo "1223"]
[BlackElo "1486"]
[PlyCount "74"]
[EventDate "2021.10.15"]
[EventType "swiss"]
[EventRounds "9"]
[EventCountry "NET"]
[SourceTitle "EXT 2023"]
[Source "ChessBase"]
[SourceDate "2022.10.05"]
[SourceVersion "1"]
[SourceVersionDate "2022.10.05"]
[SourceQuality "1"]
[WhiteTeam "Azerbaijan"]
[BlackTeam "Azerbaijan"]
[WhiteTeamCountry "AZE"]
[BlackTeamCountry "AZE"]

1. e4 e5 2. Nf3 Nc6 3. Bc4 Bc5 4. Nc3 Nf6 5. d3 d6 6. h3 h6 7. Be3 Bxe3 8. fxe3 0-0 9. 0-0 Na5 10. Bb3 c6 11. d4 Nxb3 12. axb3 Qe7 13. Qe2 b5 14. b4 Bb7 15. Rad1 a5 16. bxa5 b4 17. dxe5 dxe5 18. Nh4 Ba6 19. Nf5 Qe6 20. Qf2 Bxf1 21. Rd6 Qxd6 22. Nxd6 bxc3 23. Qxf1 cxb2 24. Qb1 Rfb8 25. Nc4 Rb4 26. Nxb2 Rab8 27. Qf1 Rxb2 28. Qc4 Rb1+ 29. Kh2 Ra8 30. Qxc6 Rxa5 31. Qc8+ Kh7 32. Qf5+ Kh8 33. Qc8+ Ng8 34. Qc7 Ra2 35. c4 Rbb2 36. Qd6 Rxg2+ 37. Kh1 Rgd2 0-1